00749nam a22001697a 450000500170000001000140001702000260003103500130005703700150007010000340008524501030011924600510022226000880027327001640036130000510052570000030057620090409113643.0 aHIN-91106 a9788128826177c100.00 aHN-63452 bDBAD / PUB aजोगी, सुनील aहनुमानजी का कुशल प्रबंधन /cसुनील जोगी aHanumanji ka Prabandhan Kaushalbby Sunil Jogi aनई दिल्लीbडायमंड पॉकेट बुक्सc2010 a-30, ओखला इंडस्ट्रियल एरिया, फेज-2bनई दिल्लीk011- 41611861e110020l011- 41611866msales@dpb.in a175पृc22सेमी (अजिल्द)